Fonti del diritto italiano: dalla caduta dell'impero romano sino ai tempi nostri

Сохранить в:
Библиографические подробности
Главный автор: Besta, Enrico (Автор)
Формат:
Язык:итальянский
Опубликовано: Milán Dott. A. Giuffrè 1950
Редактирование:2a. ed
Предметы:
Метки: Добавить метку
Нет меток, Требуется 1-ая метка записи!

MARC

LEADER 00000nam a2200000 a 4500
001 UCR2881
003 CL-VaPUC
008 980116e19500000IT |||||||||||||||||ita|d
082 0 4 |a 349.45  |b BES  |2 21 
100 0 |a Besta, Enrico  |e author  |9 401356 
245 1 0 |a Fonti del diritto italiano: dalla caduta dell'impero romano sino ai tempi nostri 
250 |a 2a. ed 
300 |a 209 p 
942 |c BK 
945 |d 19980116 00:00:00  |a crobeson 
260 |a Milán  |b Dott. A. Giuffrè  |c 1950 
650 0 |a Derecho italiano  |9 385337 
650 0 |a Fuentes del derecho   |9 255162 
650 7 |a LEGISLACION  |2 CL-VaPUC  |9 401357 
650 0 |a Imperio Romano  |9 322785 
651 0 |a Italia  |9 254949 
583 |a last modification  |c 19980116 00:00:00  |k Rodrigo Vera 
999 |c 266002  |d 266000 
952 |0 0  |1 0  |4 0  |6 349_450000000000000_BES_1950  |7 0  |8 DER_HIS  |9 297277  |a BIBDER  |b BIBDER  |d 2019-11-20  |i 1924508  |l 1  |o 349.45 BES 1950  |p 1924508  |r 2023-01-25  |s 2020-03-18  |w 2019-11-20  |x Ubicación 4to Piso  |y BK  |z Estos recursos deben solicitarse con anticipación  |k DER